| 000 | 00831nam a2200217 a 4500 | ||
|---|---|---|---|
| 001 | 000042120 | ||
| 005 | 20201002035942.0 | ||
| 008 | 131114s1970 sp 000 0 spa d | ||
| 040 |
_aDO-SdBNP _bspa _cBNPHU |
||
| 082 |
_axxx _bL388L |
||
| 100 | 1 |
_aLausberg, Heinrichi _969122 |
|
| 240 | 1 | 0 |
_aRomanische Sprachwissenschaft _lalemán |
| 245 | 1 | 0 |
_aLingüística románica / _cHeinrich Lausberg ; traducción española de J. Pérez Riesco, E. Pascual Rodríguez. |
| 260 |
_aMadrid : _bGredos, _c1970. |
||
| 300 |
_a1v. ; _c20 cm. |
||
| 490 | 1 |
_aBiblioteca románica hispánica _amanuales _v3 |
|
| 500 | _aIncluye referencias bibliográficas y notas al pie de las páginas. | ||
| 700 | 1 | 2 |
_aPérez Riesco, J. _etr. _969123 |
| 700 | 1 | 2 |
_aPascual Rodríguez, E. _etr. _969124 |
| 830 | 0 |
_aBiblioteca románica hispánica _pmanuales _n3 _969125 |
|
| 999 |
_c41609 _d41609 |
||